000 00652nam a2200265Ia 4500
005 20260306164246.0
008 008 260114s9999 xx 000 0 eng d
020 _a9780823235568
037 _aEBOOK
040 _aCRL
040 _beng
040 _cCRL
041 _2eng
041 _aeng
084 _qCRL
100 _aRoyce, Pratt, Sullivan
_91130303
245 0 _aRace Questions, Provincialism, And Other American Problems
260 _bFordham University Press
260 _c2011
650 _aPhilosophy
856 _uhttps://academic.oup.com/book/22717
942 _cEBOOK
999 _c1713394
_d1713394